000
00377nam a22001697a 4500
003
MPLRDC
005
20220104143014.0
008
210129b ||||| |||| 00| 0 eng d
082
_a
177.2 LJL
100
_a
李进来编译
245
_a
盖世风云术
_c
250
_a
二版
260
_a
_b
世一书局
_c
1980
300
_b
平
650
_a
942
_c
BK
_o
177.2 LJL
999
_c
35708
_d
35698